Designing and coding reusable C++ / (Record no. 5976)

MARC details
000 -LEADER
fixed length control field 00714nac a22002051u 4500
010 ## - LIBRARY OF CONGRESS CONTROL NUMBER
LC control number 94049369
020 ## - INTERNATIONAL STANDARD BOOK NUMBER
International Standard Book Number 020151284X
082 00 - DEWEY DECIMAL CLASSIFICATION NUMBER
Classification number 005.133
Item number CAR
090 ## - LOCALLY ASSIGNED LC-TYPE CALL NUMBER (OCLC); LOCAL CALL NUMBER (OCLC)
-- 5976
-- 5976
100 ## - MAIN ENTRY--PERSONAL NAME
Personal name Carroll, Martin D.
245 10 - TITLE STATEMENT
Title Designing and coding reusable C++ /
Statement of responsibility, etc Martin D. Carroll, Margaret A. Ellis.
260 ## - PUBLICATION, DISTRIBUTION, ETC. (IMPRINT)
Place of publication, distribution, etc Reading, Mass. :
Name of publisher, distributor, etc Addison-Wesley,c1995.
Date of publication, distribution, etc c1995.
300 ## - PHYSICAL DESCRIPTION
Extent xvi, 317 p. :
Other physical details ill. ;
Dimensions 24 cm.
500 ## - GENERAL NOTE
General note Distributer: Al-Ahram.
504 ## - BIBLIOGRAPHY, ETC. NOTE
Bibliography, etc Includes bibliographical references (p. [295]-302) and index.
511 ## - PARTICIPANT OR PERFORMER NOTE
Participant or performer note Catalogued By: Mahitab.
650 #0 - SUBJECT ADDED ENTRY--TOPICAL TERM
Topical term or geographic name as entry element C++ (Computer program language)
700 1# - ADDED ENTRY--PERSONAL NAME
Personal name Ellis, Margaret A.
942 ## - ADDED ENTRY ELEMENTS (KOHA)
Item type Book - Borrowing
Call number prefix 005.133CAR
Holdings
Withdrawn status Item status Damaged status Not for loan Home library Current library Shelving location Date acquired Source of acquisition Total Checkouts Full call number Barcode Date last seen Koha item type
        Central Library Central Library Lower Floor 07/11/2011 Purchase   005.133CAR 000006974 15/07/2025 Book - Borrowing